| 000 | 00740cab a22002175a 4500 | ||
|---|---|---|---|
| 001 | L158968 | ||
| 008 | 151106e2015 xxk 000 0 eng d | ||
| 035 | _a(Sirsi) u158968 | ||
| 041 | 0 | _aeng | |
| 100 | 1 | _aOrgan, Roberta | |
| 245 | 0 | 4 | _aThe highs and lows of shared ownership |
| 260 | _c2015 | ||
| 490 |
_aSolicitors Journal Property Focus _vOctober 2015, 23 |
||
| 520 | _aLooks at the pros and cons of shared ownership schemes which offer between 25% and 75% share in a leasehold property with a deposit of just 5% of the share being purchased. | ||
| 590 | _aKA | ||
| 650 | 2 | 4 | _aSHARED OWNERSHIP |
| 651 | 4 |
_aEngland and Wales _y1543- |
|
| 690 |
_aLandlord and tenant _96252 |
||
| 690 |
_aResidential property _96266 |
||
| 942 | _n0 | ||
| 999 |
_c84750 _d84750 |
||